000 00600nam a22001937a 4500
005 20170330132732.0
010 _aENG-117648
020 _a9788175418523
_c200.00
035 _aEN-101180
037 _bDABD/PUB
082 _a379.54
100 _aRajput, J.S.
245 _aIndian education in times in times of global change /
_cby J. S. Rajput
260 _aNew Delhi
_bShipra Publication
_c2016
270 _aLG 18-19,Pankaj Central Market,I.P Ext.Patparganj
_bDelhi
_e110092
300 _aviii,292p.
_c23m(pbk)
500 _aIncludes index
942 _2ddc
_cEN
_h379.54
_mRAJ
999 _c138566
_d138566